| 000 | 00494nam a22001817a 4500 | ||
|---|---|---|---|
| 003 | OSt | ||
| 005 | 20240418115250.0 | ||
| 008 | 240418b |||||||| |||| 00| 0 eng d | ||
| 020 | _a9781412924948 | ||
| 040 | _cDDC | ||
| 082 |
_2Second Edition _a519.5 Coo 2006 |
||
| 100 | _4Coolidge Frederick L. | ||
| 245 | _aStatistics: Gentle Introduction | ||
| 260 |
_aUK, _bSage publications. _c2006 |
||
| 504 | _aAppendixes,References,index . | ||
| 650 |
_aStatistics _91274 |
||
| 942 |
_2ddc _cO_SHELF |
||
| 999 |
_c8296 _d8296 |
||